European airlines Hub airports - Statistics

General Stats
  • This quiz has been taken 110 times
  • The average score is 79 of 127
Answer Stats
Hint Answer % Correct
KLM Amsterdam
100%
Eurowings | Lufthansa Munich
99%
Air France Paris CDG
99%
Air France Paris ORY
99%
Lufthansa Frankfurt
97%
Aer Lingus | Ryanair Dublin
95%
Alitalia Rome
95%
Turkish Istanbul
94%
Alitalia Milan
92%
Norwegian | SAS Oslo
92%
Brussels airlines | TUI Brussels
91%
FlyBe | Jet2 | Monarch | +2 others Manchester
91%
Aeroflot | S7 | Smartavia | Ural Moscow
91%
TAP Air Portugal Lisbon
90%
Europa | Iberia Madrid
90%
SAS Stockholm
90%
Austrian | Eurowings Vienna
90%
TAP Air Portugal Porto
88%
Aegean | Volotea Athens
87%
Edelweiss | Swiss Zurich
87%
FlyBe | Jet2 | Monarch | Thomas cook Birmingham
86%
Finnair Helsinki
86%
Ukraine International Kyiv
86%
Enterair | LOT Warsaw
86%
Turkish Ankara
85%
SAS Copenhagen
85%
Jet2 Edinburgh
85%
Jet2 | Thomas cook Glasgow
85%
Smartavia St Petersburg
82%
Air Serbia Belgrade
79%
TAROM Bucharest
79%
Icelandair Reykjavik
79%
British Airways | Virgin Atlantic Heathrow
78%
LOT | Wizzair Budapest
77%
Eurowings Dusseldorf
77%
Eurowings Hamburg
77%
British Airways | Easyjet | Monarch | Thomas cook Gatwick
73%
Jet2 | Thomas cook Belfast
72%
Jet2 | Thomas cook Newcastle
72%
Smartwings Prague
71%
Jet2 | Monarch Leeds
69%
Aegean | Ellinair Thessaloniki
69%
Luxair Luxembourg
68%
AirBaltic Tallinn
68%
Binter Canarias | Jet2 Tenerife
67%
Azerbaijan airlines Baku
65%
Eurowings Cologne/Bonn
64%
Easyjet | Monarch Luton
64%
Turkish Izmir
63%
AirBaltic Vilnius
63%
Easyjet | Jet2 | Ryanair | Thomas cook Stansted
58%
Eurowings Stuttgart
55%
Thomas cook Cardiff
53%
Volotea Marseille
51%
Thomas cook Bristol
50%
Volotea Venice
47%
Binter Canarias Gran Canaria
44%
Eurowings Hannover
41%
Eurowings Nuremberg
41%
Volotea Bordeaux
37%
Volotea Bilbao
35%
Enterair Wroclaw
35%
Jet2 Alicante
32%
Ural Yekaterinburg
32%
Volotea Nantes
31%
S7 Novosibirsk
31%
Eurowings Salzburg
31%
Jet2 | Thomas cook East Midlands
28%
Enterair Katowice
28%
Easyjet Southend
28%
Volotea Genoa
27%
Volotea Palermo
27%
Enterair Poznan
27%
FlyBe Exeter
22%
Wow airlines Keflavik
21%
Volotea Strasbourg
21%
Eurowings | Jet2 Mallorca
18%
Aegean Larnaca
15%
Volotea Verona
15%
Eurowings Pristina
13%
Eurowings Berlin-Tegel
10%
Pegasus Sabiha
9%
Volotea Asturias
6%
Smartavia Arkhangelsk
3%
UTair Surgut
1%
Volotea Caglari
0%
Air Serbia Morava
0%
Air Serbia Nis Constantine
0%
Smartavia Pulkovo
0%
Azurair | UTair Vnokovo
0%
No matching quizzes found
Score Distribution
Percent of People with Each Score
Percentile by Number Answered
Your Score History
You have not taken this quiz